The Dutchman / (Record no. 22599)

000 -LEADER
fixed length control field 01801nam a22003017a 4500
005 - DATE AND TIME OF LATEST TRANSACTION
control field 20260416120226.0
008 - FIXED-LENGTH DATA ELEMENTS--GENERAL INFORMATION
fixed length control field 260416b xxu||||| |||| 00| 0 eng d
040 ## - CATALOGING SOURCE
Transcribing agency Cagayan State University
082 ## - DEWEY DECIMAL CLASSIFICATION NUMBER
Classification number 791.4372
Item number D975 2025
245 ## - TITLE STATEMENT
Title The Dutchman /
Statement of responsibility, etc directed by Andre Gaines ; written by Qasim Basir, Andre Gaines, & Amari Baraka.
260 ## - PUBLICATION, DISTRIBUTION, ETC. (IMPRINT)
Place of publication, distribution, etc United States :
Name of publisher, distributor, etc Cinemation Studios ; Federal Films ; Washington Square Films,
Date of publication, distribution, etc 2025.
300 ## - PHYSICAL DESCRIPTION
Extent 1 videofile, (ca. 88 min.) :
Other physical details sound, color ;
500 ## - GENERAL NOTE
General note Summary derived from IMDb Web site.
500 ## - GENERAL NOTE
General note Rated R for sexual content, language and brief violence.
520 ## - SUMMARY, ETC.
Summary, etc A successful black businessman, haunted by his crumbling marriage and identity crisis, is drawn into a sexualized game of cat and mouse with a mysterious white woman on a subway that leads to a violent conclusion.
520 ## - SUMMARY, ETC.
Summary, etc Clay, a successful but troubled black businessman, attends therapy sessions with his wife, Kaya, in an attempt to salvage their marriage. But their mysterious therapist is not all that he seems, and begins to unexpectedly appear to Clay outside of their sessions. On a New York subway train, Clay encounters Lula, a seductive but sinister white stranger who slowly begins to unravel his life. Clay must discover the truth behind this encounter to get back to his wife, heal his fractured soul, and survive the night.
546 ## - LANGUAGE NOTE
Language note In English language with English subtitle.
650 ## - SUBJECT ADDED ENTRY--TOPICAL TERM
Topical term or geographic name as entry element Drama
650 ## - SUBJECT ADDED ENTRY--TOPICAL TERM
Topical term or geographic name as entry element Psychological Thriller
650 ## - SUBJECT ADDED ENTRY--TOPICAL TERM
Topical term or geographic name as entry element Thriller
700 ## - ADDED ENTRY--PERSONAL NAME
Personal name Gaines, Andre, director and writer.
700 ## - ADDED ENTRY--PERSONAL NAME
Personal name Basir, Qasim, writer.
700 ## - ADDED ENTRY--PERSONAL NAME
Personal name Baraka, Amiri, writer.
700 ## - ADDED ENTRY--PERSONAL NAME
Personal name Holland, André, star.
700 ## - ADDED ENTRY--PERSONAL NAME
Personal name Mara, Kate, star.
700 ## - ADDED ENTRY--PERSONAL NAME
Personal name Henderson, Stephen McKinley, star.
942 ## - ADDED ENTRY ELEMENTS (KOHA)
Source of classification or shelving scheme
Item type Audio-Visual Materials

No copies available.

Cagayan State University University Library, Carig Campus
Tuguegarao City, Cagayan 3500 | www.csucarig.edu.ph

Powered by Koha